[Event "AUT-chT2O 2425"]
[Site "Austria"]
[Date "2024.10.13"]
[Round "3.2"]
[White "Kummer, Helmut"]
[Black "Kranzl, Julian"]
[Result "1/2-1/2"]
[WhiteElo "2196"]
[BlackElo "2268"]
[PlyCount "119"]
[EventDate "2024.10.11"]
[EventType "team-tourn"]
[EventRounds "11"]
[EventCountry "AUT"]
[SourceTitle "CB42_2024"]
[Source "ChessBase"]
[SourceDate "2024.10.16"]
[SourceVersion "1"]
[SourceVersionDate "2024.10.16"]
[SourceQuality "1"]
[WhiteTeam "Donaustadt"]
[BlackTeam "Tschaturanga"]
[WhiteTeamCountry "AUT"]
[BlackTeamCountry "AUT"]

1. d4 Nf6 2. c4 e6 3. Nc3 Bb4 4. e3 b6 5. Nf3 Bb7 6. Bd3 Ne4 7. Qc2 f5 8. 0-0 Nxc3 9. bxc3 Bxf3 10. gxf3 Bd6 11. e4 Qh4 12. e5 Be7 13. Qe2 Nc6 14. f4 g5 15. fxg5 Bxg5 16. Bxg5 Qxg5+ 17. Kh1 0-0-0 18. c5 Rdg8 19. Rg1 Qf4 20. cxb6 axb6 21. Rxg8+ Rxg8 22. Qe3 Qh4 23. Rg1 Rxg1+ 24. Kxg1 Ne7 25. Qf3 c6 26. Qg3 Qh6 27. Bf1 Ng6 28. c4 Qd2 29. Qe3 Qd1 30. h3 Kb7 31. f4 Qb1 32. a3 Qe4 33. Qxe4 fxe4 34. Kf2 Nxf4 35. Ke3 Nh5 36. Be2 Ng3 37. Bd1 b5 38. cxb5 cxb5 39. Bc2 Kb6 40. Kf4 Ne2+ 41. Kxe4 Nc3+ 42. Kf3 h6 43. h4 Nd5 44. Bb3 Ne7 45. Ke4 Ka5 46. h5 b4 47. axb4+ Kxb4 48. Ba2 Nf5 49. d5 Ng7 50. dxe6 dxe6 51. Bxe6 Nxe6 52. Kf5 Nf8 53. e6 Nxe6 54. Kxe6 Kc5 55. Kf6 Kd6 56. Kg6 Ke6 57. Kxh6 Kf6 58. Kh7 Kf7 59. h6 Kf8 60. Kh8 1/2-1/2

[Event "St Veit op 43rd"]
[Site "St Veit"]
[Date "2024.07.11"]
[Round "7"]
[White "Kranzl, Julian"]
[Black "Bosiocic, Marin"]
[Result "0-1"]
[WhiteElo "2273"]
[BlackElo "2559"]
[PlyCount "76"]
[EventDate "2024.07.06"]
[EventType "swiss"]
[EventRounds "9"]
[EventCountry "AUT"]
[SourceTitle "CBM 221 Extra"]
[Source "ChessBase"]
[SourceDate "2024.09.30"]
[SourceVersion "1"]
[SourceVersionDate "2024.09.30"]
[SourceQuality "1"]

1. d4 Nf6 2. Nf3 d5 3. g3 c5 4. Bg2 cxd4 5. 0-0 h6 6. b3 g6 7. Bb2 Bg7 8. Nxd4 0-0 9. c4 dxc4 10. bxc4 Qb6 11. Qc1 Bd7 12. Nd2 Nc6 13. e3 Rac8 14. Bc3 Qa6 15. a4 b6 16. Qb1 Na5 17. Rc1 Rfe8 18. Bf1 Rc5 19. Bb4 Ng4 20. h3 Ne5 21. Bxc5 bxc5 22. Nb5 Rb8 23. Qc2 Nac6 24. Qd1 Nb4 25. Ra3 Rd8 26. Nc7 Qb7 27. Nd5 e6 28. f4 exd5 29. fxe5 Bxe5 30. Rb1 Bf5 31. Bd3 Bxh3 32. Qf3 Qe7 33. e4 Qg5 34. Nf1 Bd4+ 35. Kh1 Nxd3 36. Qxd3 dxe4 37. Qd2 Qh5 38. Qh2 e3 0-1

[Event "St Veit op 43rd"]
[Site "St Veit"]
[Date "2024.07.10"]
[Round "6"]
[White "Rempe, Jonas"]
[Black "Kranzl, Julian"]
[Result "0-1"]
[WhiteElo "2161"]
[BlackElo "2273"]
[PlyCount "74"]
[EventDate "2024.07.06"]
[EventType "swiss"]
[EventRounds "9"]
[EventCountry "AUT"]
[SourceTitle "CBM 221 Extra"]
[Source "ChessBase"]
[SourceDate "2024.09.30"]
[SourceVersion "1"]
[SourceVersionDate "2024.09.30"]
[SourceQuality "1"]

1. e4 c5 2. Nf3 d6 3. d4 cxd4 4. Nxd4 Nf6 5. Nc3 Nc6 6. Bg5 e6 7. Qd2 a6 8. 0-0-0 Be7 9. f3 Nxd4 10. Qxd4 b5 11. g4 0-0 12. e5 dxe5 13. Qxe5 Nd7 14. Bxe7 Qxe7 15. Qc7 Qd8 16. Qc6 Rb8 17. Ne4 Qa5 18. Kb1 Bb7 19. Qd6 Bd5 20. b3 Rfd8 21. Bd3 Nb6 22. Qe5 Nc4 23. Bxc4 bxc4 24. Nc3 f6 25. Qe3 e5 26. Rd2 cxb3 27. cxb3 Bf7 28. Rhd1 Rxd2 29. Rxd2 Qa3 30. Qa7 Rc8 31. Rc2 Bxb3 32. axb3 Qxb3+ 33. Rb2 Qxc3 34. Qxa6 Qc1+ 35. Ka2 Qc4+ 36. Qxc4+ Rxc4 37. Re2 Rb4 0-1

[Event "San Bernardino op"]
[Site "San Bernardino"]
[Date "2024.06.08"]
[Round "2"]
[White "Adzic, Slobodan"]
[Black "Kranzl, Julian"]
[Result "0-1"]
[WhiteElo "2001"]
[BlackElo "2252"]
[PlyCount "66"]
[EventDate "2024.06.08"]
[EventType "swiss"]
[EventRounds "5"]
[EventCountry "SUI"]
[SourceTitle "EXT 2025"]
[Source "ChessBase"]
[SourceDate "2024.10.14"]
[SourceVersion "1"]
[SourceVersionDate "2024.10.14"]
[SourceQuality "1"]

1. e4 c5 2. Nf3 d6 3. Nc3 Nc6 4. d4 cxd4 5. Nxd4 Nf6 6. g3 g6 7. Bg2 Nxd4 8. Qxd4 Bg7 9. Qb4 0-0 10. a4 a5 11. Qb3 Be6 12. Nd5 Nd7 13. 0-0 Nc5 14. Qa3 Bd7 15. Bg5 Re8 16. Nc3 Rc8 17. Nb5 Bxb5 18. axb5 Ne6 19. Bd2 Rxc2 20. Bc3 Bxc3 21. bxc3 Qc7 22. Qxa5 Qxc3 23. e5 Qxe5 24. Bxb7 Nd4 25. Rab1 d5 26. b6 Qe4 27. h4 Nf3+ 28. Kg2 Nxh4+ 29. Kh3 Qg2+ 30. Kxh4 Qh2+ 31. Kg4 Qh5+ 32. Kf4 Qf5+ 33. Ke3 Qe4# 0-1

[Event "Bodensee op"]
[Site "Bregenz"]
[Date "2024.05.05"]
[Round "2"]
[White "Kranzl, Julian"]
[Black "Schellenberg, Simon"]
[Result "1-0"]
[WhiteElo "2250"]
[BlackElo "2184"]
[PlyCount "57"]
[EventDate "2024.05.04"]
[EventType "swiss"]
[EventRounds "9"]
[EventCountry "AUT"]
[SourceTitle "CBM 220 Extra"]
[Source "ChessBase"]
[SourceDate "2024.07.31"]
[SourceVersion "1"]
[SourceVersionDate "2024.07.31"]
[SourceQuality "1"]

1. Nf3 Nf6 2. g3 e6 3. Bg2 d5 4. 0-0 Be7 5. c4 0-0 6. b3 c5 7. cxd5 exd5 8. d4 Nc6 9. dxc5 Bxc5 10. Nc3 h6 11. Bb2 Be6 12. Rc1 Qe7 13. e3 a6 14. Na4 Ba7 15. Nd4 Rac8 16. Nxc6 Rxc6 17. Rxc6 bxc6 18. Qd3 Bc8 19. Rc1 Bb7 20. Bd4 Bxd4 21. Qxd4 Ne4 22. Bxe4 dxe4 23. Nc5 Re8 24. Rc4 f5 25. Nxb7 Qxb7 26. Qd6 a5 27. Rxc6 a4 28. Qd5+ Kh8 29. Rxh6+ 1-0

[Event "AUT-chT2W 2324"]
[Site "Austria"]
[Date "2024.01.19"]
[Round "6.3"]
[White "Kuecher, Wolfgang"]
[Black "Kranzl, Julian"]
[Result "0-1"]
[WhiteElo "2118"]
[BlackElo "2263"]
[PlyCount "78"]
[EventDate "2023.09.29"]
[EventType "team-tourn"]
[EventRounds "11"]
[EventCountry "AUT"]
[SourceTitle "EXT 2025"]
[Source "ChessBase"]
[SourceDate "2024.10.14"]
[SourceVersion "1"]
[SourceVersionDate "2024.10.14"]
[SourceQuality "1"]
[WhiteTeam "Ranshofen"]
[BlackTeam "Hohenems"]
[WhiteTeamCountry "AUT"]
[BlackTeamCountry "AUT"]

1. d4 Nf6 2. g3 c5 3. Nf3 cxd4 4. Nxd4 d5 5. Bg2 e5 6. Nf3 Nc6 7. 0-0 h6 8. b3 Be6 9. Bb2 Qc7 10. Nbd2 Bc5 11. c3 a5 12. a3 e4 13. Nd4 0-0 14. Nxe6 fxe6 15. e3 Ne5 16. c4 h5 17. Bc3 Nfg4 18. b4 Ba7 19. Bxe5 Qxe5 20. c5 Qg5 21. Qe2 Bb8 22. Bh3 Be5 23. Rad1 axb4 24. axb4 Bc3 25. Bxg4 Qxg4 26. Qxg4 hxg4 27. b5 Ra5 28. Nb3 Rxb5 29. Nd4 Bxd4 30. exd4 Rb4 31. Rd2 Rf3 32. Rfd1 Kf7 33. Kg2 Rbb3 34. Ra1 Kf6 35. Ra8 Rfd3 36. Rxd3 exd3 37. f4 Rb2+ 38. Kf1 Rb1+ 39. Kf2 d2 0-1